000 00976nam a2200313 c 4500
001 14329
003 ES-MaCES
005 20150925141953.0
008 021203s2002 sp 100 | spa d
035 _aCES20020015422m
040 _aES-MaCES
_bspa
_cES-MaCES
245 0 0 _aPGE 2003
_b: continuidad presupuestaria con reformas pendientes
260 _aMadrid
_bCírculo de Empresarios
_c2002
300 _a25 p.
_c30 cm
490 1 _aDocumentos Círculo
500 _aEn la port., además: 15 de octubre de 2002
541 _cGratuito
650 4 _apresupuesto nacional
_928073
650 4 _apolítica presupuestaria
_930829
650 4 _aEspaña
_926964
650 4 _a2003
_931178
653 1 0 _aHacienda Pública
650 4 _928077
_ahacienda pública
710 2 _aCírculo de Empresarios
_eed.
_91954
830 0 _aDocumentos Círculo
_932346
902 _aDOC Literatura gris
942 _2CES
_cBK
_h0.1.
999 _c14329
_d14329